000 00548nam a2200229Ia 4500
003 OSt
005 20260206113142.0
008 210210b2017 xxu||||| |||| 00| 0 eng d
020 _a9789351610656
040 _aAL
_c
041 _aeng
082 _a346.065 KAPB
100 _aKapoor N D
_935964
245 _aBusiness law including company law
250 _a30
260 _aNew Delhi
_bSultan Chand & Sons
_c2017
300 _a542p
650 _aBusiness
_935965
690 _aBusiness Law
_935966
906 _a071652
942 _2ddc
_cBK
999 _c121361
_d121361